000 00369nam a22001577a 4500
999 _c4390
_d4389
005 20210831112806.0
008 160628b xxu||||| |||| 00| 0 eng d
041 _aeng
082 _b10746
100 _aDiwan, Paras
_93032
245 _aMuslim law in Modern India
260 _bAllahabad law agency
_c2001
300 _a339
650 _aManagement
_9241
942 _cBK